Landen van Noord-Amerika - Kaartquiz - Statistieken

Algemene statistieken
  • Deze quiz is 201 keer genomen
  • De gemiddelde score is 13 van 23
Antwoorden op de kaart
Antwoorden kleurgecodeerd door een groen-rode schaal op de quizkaart volgens % correct hieronder.
 
Antwoordstatistieken
Antwoord % Correct
Mexico
94%
Canada
90%
Verenigde Staten
87%
Panama
78%
Bahama's
76%
Cuba
72%
El Salvador
66%
Guatemala
66%
Jamaica
65%
Belize
63%
Costa Rica
62%
Haïti
62%
Dominicaanse Republiek
61%
Nicaragua
61%
Honduras
57%
Trinidad en Tobago
52%
Saint Vincent en de Grenadines
34%
Dominica
30%
Grenada
30%
Antigua en Barbuda
29%
Saint Lucia
29%
Barbados
28%
Saint Kitts en Nevis
24%
Geen overeenkomende quizzen gevonden
Scoreverdeling
Procent van Mensen met Elke Score
Percentiel versus Aantal Correcte Antwoorden
Uw Scoregeschiedenis
U heeft deze quiz nog niet genomen